Prénoms de garçons par la lettre A - Statistiques

Statistiques générales
  • Ce quiz a été pris 522 fois
  • Le résultat moyen est 41 sur 500
Statistiques - réponses
Réponse % Correct
Al
91%
Aël
75%
Alex
72%
Anto
71%
Antoine
68%
Alexin
67%
Alexandre
62%
Anthony/Antony/Antoni
62%
Art
61%
Arthur/Artur
57%
Alexis/Alexy/Alexi/Alexys
56%
Alain/Allain/Alin
53%
Alan/Allan/Alann/Alane
52%
Ali/Aly
52%
Anton/Antone/Antton/Antonn
50%
Adrian
49%
Adrien
49%
André
48%
Axel/Aksel
45%
Albert
43%
Allane
42%
Albin
41%
Armen
41%
Armin
41%
Adda
40%
Armand/Arman
40%
Arnaud/Arno/Arnauld/Arnault
40%
Aurèle/Aurel
40%
Alban
39%
Amen
39%
Amine/Amîn
39%
Ary/Ari
39%
Aurelian
39%
Aurélien
39%
Alen/Allen
37%
Antonin/Anthonin
36%
Adam/Adame/Adham
35%
Auguste
35%
Augustin
35%
Aaron/Aron/Aronn/Aharon/Arone
29%
Alfred
28%
Ange
28%
Abel
27%
Aamir
26%
Abd
26%
Adel
26%
Ahmed/Amede/Amed
26%
Alphonse
26%
Amaury/Amory
26%
Amir
26%
Ayme
26%
Aimé
25%
Anatole
25%
Ah
24%
Abdel
23%
Achille/Achile
23%
Alès
23%
Angel/Andgel
23%
Adi
22%
Adolphe
22%
Andréa
22%
Andria
22%
Aymeric/Aymerick/Aimeric
22%
Alix
21%
Arié
21%
Andy
19%
Antonio/Anthonio
19%
Aris
19%
Aubin
19%
Ayden/Aïden
19%
Aloïs/Aloÿs/Aloyse/Aloise
18%
Alessio
17%
Angelo
17%
Anis/Aniss/Anys
16%
Annis
16%
Armel
16%
Aden
15%
Aki
15%
Alec/Alek
15%
Anas/Anass
15%
Aydin
15%
Abdo
14%
Ahmad
14%
Alberto
14%
Ara
14%
Arsène/Arsen
14%
Arthus/Artus
14%
Abdou
13%
Adil/Adile
13%
Akim/Akym
13%
Ambroise
13%
Andrew
13%
Apollo
13%
Ariel
13%
Aristide
13%
Aymen/Aïmen/Aymène
13%
Abdoul/Abdul
12%
Alessandro
12%
Apollin
12%
Arnold
12%
Abou
11%
Adem
11%
Adriano
11%
Alexandro
11%
Amor
11%
Aziz/Azziz
11%
Adonis
10%
Aladin/Aladdin
10%
Amar/Ammar
10%
Anaël
10%
Andréas
10%
Apollon
10%
Armando
10%
Abdallah
9%
Adama
9%
Ahmadou
9%
Alexander
9%
Alic
9%
Amadou
9%
Amer
9%
Arturo
9%
Assan
9%
Aubert
9%
Ayman/Aymane/Aimane/Aïman
9%
Ayoub/Ayyoub/Ayoube
9%
Abraham
8%
Adan
8%
Aïdan/Aydan
8%
Aldo
8%
Alfonso
8%
Alfredo
8%
Amédée
8%
Ares
8%
Augusto
8%
Austin
8%
Aylan
8%
Abdelkader
7%
Abdoulaye
7%
Aboubacar/Aboubakar/Aboubakr
7%
Akram
7%
Alexio
7%
Allal
7%
Allon
7%
Alon
7%
Alvin/Alvyn
7%
Amaël
7%
Amand
7%
Angelin
7%
Anselme
7%
Archie/Archy
7%
Abdellah
6%
Adamo
6%
Adelin
6%
Albéric
6%
Alim
6%
Alonzo/Alonso
6%
Amid
6%
Andreï
6%
Andry
6%
Anès/Aness
6%
Aren
6%
Aristote
6%
Armani
6%
Aurélio
6%
Ayan/Ayhan/Ayane/Ayaan
6%
Abu
5%
Adriel
5%
Alejandro
5%
Alexei
5%
Alpha
5%
Ander
5%
Angelino
5%
Anicet
5%
Antonino
5%
Aram
5%
Archibald
5%
Assim
5%
Augustino
5%
Abdelaziz
4%
Abdelkarim
4%
Abdelkrim
4%
Abdellatif
4%
Abdelmalik
4%
Abdelrahman/Abdelrahmane
4%
Ace
4%
Achraf
4%
Ahmet
4%
Aïssa
4%
Akin
4%
Alam
4%
Albain
4%
Alexian
4%
Alfie
4%
Alicio
4%
Alistair
4%
Amadeus
4%
Amélien
4%
Amr
4%
Anakin
4%
Anastase
4%
Andgy
4%
Andréo
4%
Andrès
4%
Angy
4%
Anil
4%
Appolinaire/Apollinaire
4%
Arab
4%
Arlo
4%
Arto
4%
Aston
4%
Atilla
4%
Audin
4%
Awen
4%
Ayel
4%
Ayrton
4%
Azim
4%
Azzedine/Azdine/Azedine/Azeddine
4%
Abdelhamid
3%
Abdelmalek
3%
Abdullah
3%
Abib
3%
Abrahim
3%
Adelino
3%
Albino
3%
Aldric
3%
Alphée
3%
Alvaro
3%
Amandin
3%
Amara
3%
Amos
3%
Anar
3%
Ancel
3%
Anders
3%
Anderson
3%
Anouar/Anwar
3%
Aramis
3%
Arda
3%
Arlan
3%
Assane
3%
Aubry
3%
Ayaz
3%
Aymar
3%
Azur
3%
Abdelatif
2%
Abdelhadi
2%
Abdelhak
2%
Abderrahmane/Abderrahman/Abderahmane/Abderahman
2%
Abed
2%
Adams
2%
Adelphe
2%
Adnan/Adnane
2%
Aëden
2%
Afonso
2%
Ajan
2%
Alaa
2%
Alaric
2%
Aliou
2%
Alioune
2%
Amadeo
2%
Amando
2%
Amaro
2%
Amjad
2%
Amon
2%
Amoro
2%
Anakim
2%
Ancelin
2%
Angelico
2%
Ange-Marie
2%
Ange-Michel
2%
Anh
2%
Annet
2%
Antar
2%
Anthime
2%
Aqil
2%
Archange
2%
Ardi
2%
Arif
2%
Ashton
2%
Aslan
2%
Assad
2%
Assil
2%
Atik
2%
Audren
2%
Audric
2%
Axil
2%
Azad
2%
Azize
2%
Abass
1%
Abbass
1%
Abdelhakim
1%
Abdelhalim
1%
Abdeslam
1%
Abdoullah
1%
Abdourahmane
1%
Abiel
1%
Abriel
1%
Achour
1%
Adib
1%
Aédan
1%
Agnan
1%
Agnel
1%
Agostino
1%
Ahcène
1%
Ahmat
1%
Aimable
1%
Aimar
1%
Aimery
1%
Aïssam
1%
Akhenaton
1%
Akil
1%
Akira
1%
Aksil
1%
Alarick
1%
Alcide
1%
Aleaume
1%
Alexandru
1%
Alezio
1%
Alibert
1%
Aliocha
1%
Alliaume
1%
Alone
1%
Alper
1%
Alric/Alrick
1%
Alwin
1%
Amaru
1%
Ambrose
1%
Amdy
1%
Andréus
1%
Ange-Baptiste
1%
Angely
1%
Anibal
1%
Anir
1%
Anoir
1%
Anonyme
1%
Ardo
1%
Areski
1%
Arille
1%
Ariste
1%
Arjan
1%
Armon
1%
Asael
1%
Aslam
1%
Athanaël
1%
Athanase
1%
Audran
1%
Audy
1%
Auxence
1%
Axandre
1%
Axl
1%
Aylane
1%
Azmi
1%
Azouz
1%
Azzouz
1%
Abasse
0%
Abbes
0%
Abdassamad
0%
Abdelali
0%
Abdelazize
0%
Abdelghani
0%
Abdelhafid
0%
Abdelhay
0%
Abdelilah
0%
Abdeljalil
0%
Abdeljalile
0%
Abdelmajid
0%
Abdelnour
0%
Abdelrrahim/Abdelrahim
0%
Abdelwahab
0%
Abdenour
0%
Abderahim
0%
Abdessalem
0%
Abdessamad
0%
Abdon
0%
Abdoukarim
0%
Abdurrahman
0%
Abibou
0%
Abilio
0%
Achref
0%
Addison
0%
Adelson
0%
Adli
0%
Adryano
0%
Advik
0%
Adyan
0%
Aeron
0%
Affan
0%
Afif
0%
Agapito
0%
Agathon
0%
Ahmed-Ali
0%
Ahmed-Tidiane
0%
Ahmed-Yacine
0%
Ahmed-Yassine
0%
Ahmetcan
0%
Aignan
0%
Aïko
0%
Aires
0%
Aisam
0%
Aissar
0%
Ajdin
0%
Ajwad
0%
Akaran
0%
Akash
0%
Akif
0%
Akli
0%
Akrame
0%
Alain-Claude
0%
Alain-Pierre
0%
Al-Amine
0%
Alassan
0%
Alassane/Alhassane
0%
Alaya
0%
Aleksandar
0%
Alenzo
0%
Alexandros
0%
Alfayed
0%
Al-Hassane
0%
Ali-Ihsan
0%
Alija
0%
Alimamy
0%
Alipio
0%
Alkis
0%
Almamy
0%
Almany
0%
Alperen
0%
Alpha-Oumar
0%
Alvy
0%
Alyou
0%
Amandio
0%
Amateur
0%
Amath
0%
Amayas
0%
Amazir
0%
Amelius
0%
Americo
0%
Amerigo
0%
Amerouche
0%
Amirouche
0%
Amjed
0%
Amrane
0%
Anaick
0%
Andéol
0%
Andoche
0%
Andoni
0%
André-Luc
0%
André-Marie
0%
André-Michel
0%
André-Paul
0%
André-Philippe
0%
André-Yves
0%
Andrien
0%
Ange-Antoine
0%
Ange-François
0%
Angelbert
0%
Ange-Mathieu
0%
Anh-Tuan
0%
Aniello
0%
Anjara
0%
Annonciat
0%
Anoki
0%
Ansbert
0%
Antero
0%
Antoine-Dominique
0%
Antoine-François
0%
Antoine-Joseph
0%
Antoine-Marie
0%
Antonio-Manuel
0%
Antso
0%
Aodren
0%
Arcade
0%
Arcadius
0%
Arcady
0%
Arezki
0%
Aristhene
0%
Arizki
0%
Arjuna
0%
Armael
0%
Armane
0%
Armenio
0%
Arthaud
0%
Arthur-Louis
0%
Asaf
0%
Ascelin
0%
Ashok
0%
Ashwin
0%
Asier
0%
Asvin
0%
Atef
0%
Attilio
0%
Augustave
0%
Avicenne
0%
Avigdor
0%
Avishaï
0%
Avraam
0%
Aws
0%
Ayron
0%
Aucun quiz correspondant
Distribution des résultats
% des personnes avec chaque résultat
Percentile par nombre de réponses
Votre historique - résultats
Vous n’avez pas pris ce quiz